000 00635nam a2200229Ia 4500
005 20250923145920.0
008 008 250917s9999 xx 000 0 eng d
037 _aTextual
040 _aDSWL
_beng
_cDSWL
041 _aeng
_2eng
084 _aYX;5:80aY:1:7, N78;4
_qDSWL
100 _aGoel, S.L.
_9840251
245 0 _aSocial Welfare administration
_c by S.L. Goel
260 _aNew Delhi
_bDeep & Deep
_c1990
300 _a388p.
365 _aINR
_b150.00
490 _vVol. I
700 _a R.K. Jain
_9840252
925 _g150.00
942 _cTEXL
_hYX;5:80aY:1:7, N78;4
999 _c1457305
_d1457305